000
00288nam a22001337a 4500
008
170315b xxu||||| |||| 00| 0 eng d
020
_a
9780030089145
041
_a
eng
080
_2
5TH
_a
591
100
_a
7
101
_a
SHM
245
_a
INVERTEBRATE ZOOLOGY
_c
BARNER
942
_2
udc
_c
BK
999
_c
7809
_d
7809